| 000 | 00416nam a22001817a 4500 | ||
|---|---|---|---|
| 003 | NUST | ||
| 020 | _a978-81-239-2349-9 | ||
| 038 | _akhadija | ||
| 082 |
_a363.73 _bAMB |
||
| 100 |
_aAmbasht, RS _982402 |
||
| 245 | _aEnvironment And Pollution / | ||
| 250 | _a5th ed. | ||
| 260 |
_aNew Delhi : _bCBS , _c2014. |
||
| 300 |
_a332 p. ; _b21.5 cm. |
||
| 500 | _aPaperback. | ||
| 563 | _apaperback | ||
| 942 |
_cBK _2ddc |
||
| 999 |
_c33880 _d33880 |
||